| 000 | 00728nam a2200217 a 4500 | ||
|---|---|---|---|
| 001 | 000023009 | ||
| 005 | 20200930021929.0 | ||
| 008 | 101124s1998 xxu r 000 | spa d | ||
| 020 | _a0827039131 | ||
| 040 |
_aDO-SdBNP _bspa _cBNPHU |
||
| 082 |
_axxx _bT454m |
||
| 100 | 1 |
_aThomas, Christopher R. _947334 |
|
| 245 | 1 | 0 |
_aMedio siglo de la Organizacion de los Estados Americanos : _bpanorama de un compromiso regional / _cChristopher R. Thomas,. |
| 260 |
_aWashington, DC : _bOrganizacion de los Estados Americanos(OEA), _c1998. |
||
| 300 |
_a126 p. ; _c23 cm. |
||
| 490 |
_aINTERAMER; _v66 |
||
| 500 | _aIncluye biografĂa | ||
| 700 | 1 |
_aTreppel, Alison August _eed. _947335 |
|
| 830 | 1 | 0 |
_aINTERAMER; _v66 _93423 |
| 049 | _aBNGR | ||
| 999 |
_c22506 _d22506 |
||